• 首页
  • 本馆介绍
  • 公告通知
  • 最新文献
  • 馆藏检索
  • 电子资源
  • 读者导购
  • 参考咨询
  • 我的图书馆
  • 登录
  • 详细信息显示
  • 放入我的书架
  • 预约/预借图书
  • 作者相关作品
  • 分类相关作品
  • 丛书相关作品
  • 出版社相关作品

书目信息

  • 表格格式
  • 工作单格式
  • 卡片格式
题名:
中国古代哲学思想
    
 
作者: 徐潜 主编 ;王荣珍 , 杜永刚 编著
分册:  
出版信息: 长春   吉林文史出版社  2014
页数: 204页
开本: 24cm
丛书名:
单 册:
中图分类: B21-49 , B21
科图分类:
主题词: 哲学思想--中国--古代--通俗读物
电子资源:
ISBN: 978-7-5472-1526-5
000 00886nam0 2200265 450
001 2354552360
005 20231128232913.80
010    @a978-7-5472-1526-5@dCNY33.80
100    @a20140702d2014 em y0chiy50 ea
101 0  @achi
102    @aCN@b220000
105    @aa z 000yy
200 1  @a中国古代哲学思想@Azhong guo gu dai zhe xue si xiang@f徐潜主编@g王荣珍,杜永刚编著
210    @a长春@c吉林文史出版社@d2014
215    @a204页@c图@d24cm
300    @a辉煌的文教科技
330    @a本书介绍了阴阳家与阴阳五行学说、中国文化的经典——《周易》、孟子与性善论、中国禅学、中国古代哲学的总结者——王夫之五部分内容。
606 0  @a哲学思想@y中国@z古代@j通俗读物
690    @aB21-49@v5
690    @aB21@v4
701  0 @a徐潜@Axu qian@4主编
702  0 @a王荣珍@Awang rong zhen@4编著
702  0 @a杜永刚@Adu yong gang@4编著
801  0 @aCN@b91MARC@c20140702
905    @aZUCC@dB21@e6
    
    中国古代哲学思想/徐潜主编/王荣珍,杜永刚编著.-长春:吉林文史出版社,2014
    204页:图;24cm
    辉煌的文教科技
    
    ISBN 978-7-5472-1526-5:CNY33.80
    本书介绍了阴阳家与阴阳五行学说、中国文化的经典——《周易》、孟子与性善论、中国禅学、中国古代哲学的总结者——王夫之五部分内容。
●
相关链接 在五车中查询图书 在当当中查询图书 在豆瓣中查询图书


正题名:中国古代哲学思想     索取号:B21/6         预约/预借

序号 登录号 条形码 馆藏地/架位号 状态 备注
1 2001005796   2001005796   辽宁一、悦读混合/辽宁北配(第三批)/辽批51/ [索取号:B21/6] 在馆    
2 2001005797   2001005797   辽宁一、悦读混合/辽宁北配(第三批)/辽批51/ [索取号:B21/6] 在馆    
3 2001005798   2001005798   辽宁一、悦读混合/辽宁北配(第三批)/辽批51/ [索取号:B21/6] 在馆    
4 2001005799   2001005799   辽宁一、悦读混合/辽宁北配(第三批)/辽批51/ [索取号:B21/6] 在馆    
5 2001005800   2001005800   辽宁一、悦读混合/辽宁北配(第三批)/辽批51/ [索取号:B21/6] 在馆    
6 2001005801   2001005801   辽宁一、悦读混合/辽宁北配(第三批)/辽批51/ [索取号:B21/6] 在馆    
山东省滨州职业学院图书馆 欢迎您!
大连网信软件有限公司© 版权所有